000 00646pam a2200241 a 4500
001 1562450
005 20180220080857.0
008 920925s1993 nyua b 000 0 eng c
010 _a 92049604
020 _a0827355750 (textbook)
040 _aDNLM/DLC
_cDLC
_dDLC
041 _aeng
043 _an-us---
060 _aW 84 AA1 C74
080 _a362.10973 STE
082 0 0 _a362.10973 STE
_220
100 _a4
101 _aSHM
245 0 0 _aContemporary issues in health services /
_cedited by Stephen J. Williams.
906 _a7
_bcbc
_corignew
_d1
_eocip
_f19
_gy-gencatlg
942 _2ddc
_cBK
999 _c42933
_d42933